000 00926nam a22002531 4500
001 000011053
005 20200929162340.0
008 850812s1970 pr af b 000 0 spa
010 _a71542448
025 _aLACAP70-4741
040 _aDO-SdBNP
_cICU
_dDLC
043 _anwpr---
050 0 0 _aQL688.P6
_bB5
100 1 _aBiaggi, Virgilio.
_926522
245 1 4 _aLas aves de Puerto Rico. /
_cIllus. por: Lucila Madruga de Piferrer [y] Christine Boyce.
260 _a[Rio Piedras] :
_bEditorial Universitaria, Universidad de Puerto Rico,
_c1970.
300 _axii, 371 p. :
_billus., col. plates. ;
_c25 cm.
500 _aCaptions for illustrations and plates in Spanish, English, and Latin.
504 _aBibliography: p. 339-349.
650 0 _aBirds
_zPuerto Rico.
_926523
700 2 _aMadruga de Piferrer, Lucila,
_eillus.
_926524
700 1 _aBoyce, Christine,
_eillus.
_926525
910 _aCatalogación por copia / LC
999 _c10781
_d10781